000 00639nam a2200217Ia 4500
005 20241129110014.0
008 241129s9999||||xx |||||||||||||| ||und||
020 _a978-1-61429-750-5
037 _aTB
040 _aARTS
_beng
_cARTS
041 _aeng
_2eng
084 _aQ4:361 R1
_qARTS
100 _aHuntington C. W. Au.
_9726823
245 0 _aWhat i don't know about death : reffections on buddhism and mortality
_cHuntington C. W. Au.
260 _aSomerville, UK
_bWisdom Publications
_c2023
300 _a167p.
365 _aUSD
_b16.95
650 _aBuddhism
942 _cTB
_hQ4:361 R1
999 _c1226957
_d1226957